A HISTORY OF MODERN PSYCHOLOGY / (Record no. 562682)

000 -LEADER
fixed length control field 00355nam a2200133Ia 4500
008 - FIXED-LENGTH DATA ELEMENTS--GENERAL INFORMATION
fixed length control field 210430s9999 xx 000 0 und d
082 ## - DEWEY DECIMAL CLASSIFICATION NUMBER
Classification number 150.9 S2911 H
100 ## - MAIN ENTRY--PERSONAL NAME
Personal name DUANE P. SCHULTZ
245 #2 - TITLE STATEMENT
Title A HISTORY OF MODERN PSYCHOLOGY /
Statement of responsibility, etc. DUANE P. SCHULTZ
250 ## - EDITION STATEMENT
Edition statement 6th edition
260 ## - PUBLICATION, DISTRIBUTION, ETC.
Place of publication, distribution, etc. ISLAMABAD
Name of publisher, distributor, etc. DUANE P.
Date of publication, distribution, etc. 2010
300 ## - PHYSICAL DESCRIPTION
Extent 511P
942 ## - ADDED ENTRY ELEMENTS (KOHA)
Koha item type Book
Source of classification or shelving scheme
Holdings
Withdrawn status Lost status Source of classification or shelving scheme Damaged status Not for loan Permanent Location Current Location Shelving location Date acquired Full call number Barcode Date last seen Price effective from Koha item type
          School of Chemical & Materials Engineering (SCME) School of Chemical & Materials Engineering (SCME) General Stacks 08/11/4 150.9 S2911 H SCME-1563 04/30/2021 04/30/2021 Book
© 2023 Central Library, National University of Sciences and Technology. All Rights Reserved.